Sóngoro cosongo: Motivos de Son West Indies LTD. España. Poema en cuatro angustias y una esperanza

Guardat en:
Dades bibliogràfiques
Autor principal: Guillén, Nicolás
Format: Llibre
Idioma:Undetermined
Publicat: Buenos Aires, Argentina Editorial Losada 1971
Edició:5
Matèries:
Etiquetes: Afegir etiqueta
Sense etiquetes, Sigues el primer a etiquetar aquest registre!

MARC

LEADER 00000nam a2200000Ia 4500
008 170316s9999 xx 000 0 und d
040 |a cru BVZT 
090 |a 860 G-36s 
100 |a Guillén, Nicolás 
245 |a Sóngoro cosongo: Motivos de Son West Indies LTD. España. Poema en cuatro angustias y una esperanza 
250 |a 5 
260 |a Buenos Aires, Argentina 
260 |b Editorial Losada 
260 |c 1971 
300 |a 122 páginas 
650 |a LITERATURA LATINOAMERICANA 
650 |a POESÍA 
999 |c 8774  |d 8774 
942 |c 15 D  |h 860 G-36s  |2 z